LEADER 01841nam 2200385Ia 450 001 996391320203316 005 20210104171814.0 035 $a(CKB)4940000000098266 035 $a(EEBO)2240861648 035 $a(OCoLC)ocn953793181e 035 $a(OCoLC)953793181 035 $a(EXLCZ)994940000000098266 100 $a20160720d1605 uy 0 101 0 $aeng 135 $aurbn||||a|bb| 200 10$aBy the King$b[electronic resource] $eIames Rex. Whereas we are informed that our subiects in that our realme of Ireland, haue sithence the decease of our deare sister Queen Elizabeth been much abused by an vntrue suggestion & report, insinuated and spread among them to this effect, that wee for our part, haue a purpose or inclination to giue libertie of conscience & tolleration of religion vnto our said subiectes in that kingdom .. 210 $aDublin $cImprinted by Iohn Franckton, printer to the Kings Most Excellent Maiestie$danno Dom. 1605 215 $a2 sheets (versos blank) 300 $aA proclamation quashing rumors spread of religious tolerance by the new Crown. Includes orders for the arrest of Jesuits and seminary priests after December 10 of that year--Steele. 300 $aTitle from caption title and opening lines of text. 300 $aReproduction of original in: Great Britain. Public Record Office. 330 $aeebo-0214 606 $aReligion and state$zIreland$vEarly works to 1800 606 $aReligious tolerance$zIreland$vEarly works to 1800 607 $aIreland$xHistory$y1603-1625 615 0$aReligion and state 615 0$aReligious tolerance 701 $aJames$cKing of England,$f1566-1625.$01001019 702 $aFranckton$b John 801 0$bUMI 801 1$bUMI 906 $aBOOK 912 $a996391320203316 996 $aBy the King$92299281 997 $aUNISA